ভাষা আন্দোলন : (Record no. 104958)
[ view plain ]
| 000 -LEADER | |
|---|---|
| fixed length control field | 00697nam a22001937a 4500 |
| 003 - CONTROL NUMBER IDENTIFIER | |
| control field | BD-DhUL |
| 005 - DATE AND TIME OF LATEST TRANSACTION | |
| control field | 20210302114548.0 |
| 008 - FIXED-LENGTH DATA ELEMENTS--GENERAL INFORMATION | |
| fixed length control field | 160908s2011 bg ||||| |||| 00| 0 ben |
| 020 ## - INTERNATIONAL STANDARD BOOK NUMBER | |
| International Standard Book Number | 9789848765036 |
| 040 ## - CATALOGING SOURCE | |
| Original cataloging agency | BD-DhUL |
| Transcribing agency | BD-DhUL |
| 082 ## - DEWEY DECIMAL CLASSIFICATION NUMBER | |
| Classification number | 954.92 |
| Item number | RAB |
| 100 1# - MAIN ENTRY--PERSONAL NAME | |
| Personal name | রফিক, আহমদ |
| 245 10 - TITLE STATEMENT | |
| Title | ভাষা আন্দোলন : |
| Statement of responsibility, etc. | আহমদ রফিক |
| Remainder of title | সংক্ষিপ্ত ভাষ্যে / |
| 260 ## - PUBLICATION, DISTRIBUTION, ETC. (IMPRINT) | |
| Place of publication, distribution, etc. | ঢাকা : |
| Name of publisher, distributor, etc. | প্রথমা প্রকাশন, |
| Date of publication, distribution, etc. | ২০০৯। |
| 300 ## - PHYSICAL DESCRIPTION | |
| Extent | ৮৬ পৃ. ; |
| Dimensions | ২০ সেমি. |
| 651 #0 - SUBJECT ADDED ENTRY--GEOGRAPHIC NAME | |
| Geographic name | বাংলাদেশ |
| General subdivision | ইতিহাস |
| 651 #0 - SUBJECT ADDED ENTRY--GEOGRAPHIC NAME | |
| Geographic name | Bangladesh |
| General subdivision | History |
| 942 ## - ADDED ENTRY ELEMENTS (KOHA) | |
| Source of classification or shelving scheme | |
| Koha item type | Books |
| Price effective from | Date last seen | Permanent Location | Not for loan | Date acquired | Source of classification or shelving scheme | Koha item type | Lost status | Withdrawn status | Copy number | Source of acquisition | Collection code | Damaged status | Shelving location | Barcode | Current Location | Full call number |
|---|---|---|---|---|---|---|---|---|---|---|---|---|---|---|---|---|
| 2016-09-18 | 2016-09-18 | Dhaka University Library | 2016-09-18 | Books | 2 | Purchased | Non Fiction | General Stacks | 441713 | Dhaka University Library | 954.92 RAB | |||||
| 2016-09-18 | 2016-09-18 | Dhaka University Library | 2016-09-18 | Books | 4 | Purchased | Non Fiction | General Stacks | 478746 | Dhaka University Library | 954.92 RAB | |||||
| 2016-09-19 | 2016-09-19 | Dhaka University Library | 2016-09-19 | Books | Purchased | Non Fiction | General Stacks | 478497 | Dhaka University Library | 954.92 RAB | ||||||
| 2016-09-20 | 2016-09-20 | Dhaka University Library | 2013-05-18 | Books | 3 | Purchased | Non Fiction | General Stacks | 478745 | Dhaka University Library | 954.92 RAB |
